Reserven zur Effektivitätserhöhung Protokollband der 7

Enregistré dans:
Détails bibliographiques
Autres auteurs: Borchert, Hans, Lindemann, Kurt
Format: Livre
Langue:allemand
Publié: Halle Martin-Luther-Universität 1982
Tags: Ajouter un tag
Pas de tags, Soyez le premier à ajouter un tag!

MARC

LEADER 00000nam a2200000 4500
001 c130950
005 20041019155251.0
041 0 |a ger 
044 |a DE 
245 1 0 |a Reserven zur Effektivitätserhöhung  |b Protokollband der 7  |c Herausgegeben Hans Borchert und Kurt Lindemann 
264 1 |a Halle  |b Martin-Luther-Universität  |c 1982 
300 |a 114 s. 
700 1 |a Borchert, Hans 
700 1 |a Lindemann, Kurt